000 01226nam a22003017a 4500
999 _c63424
_d63424
005 20240530110640.0
008 171011s2016 ua g b 000 0 ara d
017 _a2015/16400
_bمصر. دار الكتب
020 _a9789777353250
040 _aEG-CaGPL
_cEG-CaGPL
082 0 4 _221
_a155.4 /
_bإ ت
100 0 _aايمان السيد حجازى
245 1 2 _aالتربية النفسية للاطفال :
_bدراسة فقهية مقارنة /
_cايمان السيد حجازى
250 _aط. 1
260 _aالاسكندرية :
_bدار الوفاء لدنيا الطباعة و النشر ،
_c2016.
300 _a623 ص. ؛
_c24 سم.
504 _aيشتمل على ارجاعات ببليوجرافية
650 0 7 _2qrmak
_aلصحة النفسية
650 0 7 _2qrmak
_aالاختبارات والقياسات التعليمية
650 0 7 _2qrmak
_aالاطفال
_xعلم نفس
650 0 7 _2qrmak
_aالصحة النفسية
650 0 7 _2qrmak
_aعلم النفس الاجتماعى
650 0 7 _2qrmak
_aالاطفال المعوقون
650 0 7 _2qrmak
_aالاطفال
_x رعاية ذهنية
651 _2qrmak
942 _2ddc
_cBK